书目信息 |
| 题名: |
在时光中盛开的女子
|
|
| 作者: | 姜雯漪 著 | |
| 分册: | ||
| 出版信息: | 北京 中国华侨出版社 2018 |
|
| 页数: | 255页 | |
| 开本: | 21cm | |
| 丛书名: | ||
| 单 册: | ||
| 中图分类: | K826.16=71 , K826.16 | |
| 科图分类: | ||
| 主题词: | ||
| 电子资源: | ||
| ISBN: | 978-7-5113-7158-4 | |
| 000 | 00928nam0 2200265 45 | |
| 001 | 012001008166 | |
| 005 | 20131022111632.0 | |
| 010 | @a978-7-5113-7158-4@dCNY38.00 | |
| 099 | @aCAL 012018045923 | |
| 100 | @a20180426d2018 em y0chiy50 ea | |
| 101 | 0 | @achi |
| 102 | @aCN@b110000 | |
| 105 | @aa z 000yb | |
| 106 | @ar | |
| 200 | 1 | @a在时光中盛开的女子@Azai shi guang zhong sheng kai de nv zi@e林徽因传@f姜雯漪著 |
| 210 | @a北京@c中国华侨出版社@d2018 | |
| 215 | @a255页@c图,照片@d21cm | |
| 330 | @a本书展现了林徽因的传奇一生。内容包括:梦回江南烟雨中、林家有女初长成、爱是天时地利的迷信、光芒初绽、白山黑水、男人和女人、橡树旁的木棉、颠沛流离等。 | |
| 517 | 1 | @a林徽因传@Alin hui yin zhuan |
| 600 | 0 | @a林徽因@ALin Hui Yin@f(1904-1955)@x传记 |
| 690 | @aK826.16=71@v5 | |
| 690 | @aK826.16@v5 | |
| 701 | 0 | @a姜雯漪@Ajiang wen yi@4著 |
| 801 | 2 | @aCN@b上海新华@c20191020 |
| 905 | @b1178040-3@dK826.16=71@e111@f4 | |
| 在时光中盛开的女子:林徽因传/姜雯漪著.-北京:中国华侨出版社,2018 |
| 255页:图,照片;21cm |
| ISBN 978-7-5113-7158-4:CNY38.00 |
| 本书展现了林徽因的传奇一生。内容包括:梦回江南烟雨中、林家有女初长成、爱是天时地利的迷信、光芒初绽、白山黑水、男人和女人、橡树旁的木棉、颠沛流离等。 |
| ● |
| 相关链接 |
|
|
|
|
正题名:在时光中盛开的女子
索取号:K826.16=71/111
 
预约/预借
| 序号 | 登录号 | 条形码 | 馆藏地/架位号 | 状态 | 备注 |
| 1 | 1178040 | 211780401 | 第二样本阅览室/ [索取号:K826.16=71/111] | 在馆 | |
| 2 | 1178041 | 211780410 | 第二借阅区/ [索取号:K826.16=71/111] | 在馆 | |
| 3 | 1178042 | 211780429 | 第二借阅区/ [索取号:K826.16=71/111] | 在馆 | |
| 4 | 1178043 | 211780438 | 第二借阅区/ [索取号:K826.16=71/111] | 在馆 |